[Event "DVM U16 2014"]
[Site "Magdeburg GER"]
[Date "2014.12.29"]
[Round "5"]
[White "Denkert, Anna"]
[Black "Joeres, Stefan"]
[Result "0-1"]
[Termination "normal"]
[Board "9.3"]
[WhiteElo "1716"]
[BlackElo "1653"]
[WhiteTeam "SV Empor Berlin"]
[BlackTeam "Karlsruher SF 1853"]
[PlyCount "80"]
[WhiteFideId "12938122"]
[BlackFideId "12983160"]
[EventCountry "GER"]
[EventRounds "7"]
[EventType "team-swiss"]
[EventDate "2014.12.26"]

1. e4 e5 2. Nf3 Nc6 3. Bc4 Bc5 4. d3 d6 5. O-O Bg4 6. Be3 Bb6 7. c3 Nf6 8. Nbd2
d5 9. Bxb6 axb6 10. exd5 Nxd5 11. Qb3 Be6 12. Rfe1 O-O 13. Nxe5 b5 14. Qxb5 Nf4
15. Nxc6 bxc6 16. Qxc6 Nxd3 17. Bxd3 Qxd3 18. Nf3 Qc2 19. Nd4 Qxb2 20. Nxe6
fxe6 21. Qxe6+ Kh8 22. Qe2 Qxc3 23. Rec1 Qa5 24. Qe7 Rac8 25. a4 c5 26. Qg5 h6
27. Qd5 Rfd8 28. Qh5 Rd4 29. Qf5 Rcd8 30. Qc2 Rd2 31. Qg6 Qxa4 32. h3 Rd1+ 33.
Rxd1 Rxd1+ 34. Rxd1 Qxd1+ 35. Kh2 Qd4 36. Kg3 c4 37. Kf3 c3 38. Qe8+ Kh7 39. g4
c2 40. g5 Qd3+ 0-1

[Event "DVM U16 2014"]
[Site "Magdeburg GER"]
[Date "2014.12.29"]
[Round "5"]
[White "Sirbu, Nikita"]
[Black "Denkert, Robert"]
[Result "1/2-1/2"]
[Termination "normal"]
[Board "9.4"]
[WhiteElo "1473"]
[BlackElo "1711"]
[WhiteTeam "Karlsruher SF 1853"]
[BlackTeam "SV Empor Berlin"]
[PlyCount "87"]
[WhiteFideId "12946370"]
[BlackFideId "12957216"]
[EventCountry "GER"]
[EventRounds "7"]
[EventType "team-swiss"]
[EventDate "2014.12.26"]

1. d4 Nf6 2. Nf3 g6 3. g3 Bg7 4. Bg2 c5 5. dxc5 Na6 6. O-O Nxc5 7. Bf4 d6 8.
Nc3 Qb6 9. Qc1 O-O 10. Be3 Bd7 11. Nd2 Bc6 12. Nb3 Bxg2 13. Kxg2 Qc6+ 14. Kg1
Nfe4 15. Nd4 Qd7 16. Nxe4 Nxe4 17. c3 Rfc8 18. Qc2 Nf6 19. Rfd1 Nd5 20. Qd3
Nxe3 21. Qxe3 b5 22. Qe4 Rab8 23. Rac1 Qb7 24. Qxb7 Rxb7 25. e3 a6 26. a3 a5
27. Rd2 b4 28. axb4 Rxb4 29. Ra1 Rbb8 30. Rxa5 Bxd4 31. exd4 Rb3 32. Ra1 Rcb8
33. Ra2 d5 34. Kg2 e6 35. Kf3 Kg7 36. h4 Kf6 37. g4 h5 38. g5+ Kf5 39. Ra7 R8b7
40. Rxb7 Rxb7 41. Re2 f6 42. gxf6 Kxf6 43. Kf4 Rb3 44. Rd2 1/2-1/2

[Event "DVM U16 2014"]
[Site "Magdeburg GER"]
[Date "2014.12.29"]
[Round "5"]
[White "Engert, Marvin"]
[Black "Mao, Yvonne"]
[Result "1-0"]
[Termination "normal"]
[Board "10.1"]
[WhiteElo "1689"]
[BlackElo "1544"]
[WhiteTeam "SG Turm Leipzig"]
[BlackTeam "SK 1980 Gernsheim"]
[PlyCount "63"]
[WhiteFideId "12901164"]
[BlackFideId "12942561"]
[EventCountry "GER"]
[EventRounds "7"]
[EventType "team-swiss"]
[EventDate "2014.12.26"]

1. f4 g6 2. b3 Bg7 3. Nc3 e6 4. Bb2 Ne7 5. Nf3 d5 6. e3 O-O 7. Be2 c5 8. Na4 b6
9. Bxg7 Kxg7 10. O-O Bb7 11. Qe1 h5 12. Nb2 Nf5 13. Ne5 d4 14. Bd3 dxe3 15.
dxe3 Nh4 16. Rf2 g5 17. Qc3 f6 18. fxg5 Qd5 19. e4 Qd4 20. Qxd4 cxd4 21. gxf6+
Rxf6 22. Rxf6 Kxf6 23. Rf1+ Kg5 24. g3 Nc6 25. gxh4+ Kxh4 26. Nbc4 Rg8+ 27. Kh1
Nd8 28. Nf3+ Kh3 29. Nce5 Ba8 30. Rf2 Bxe4 31. Bf1+ Rg2 32. Bxg2# 1-0

[Event "DVM U16 2014"]
[Site "Magdeburg GER"]
[Date "2014.12.29"]
[Round "5"]
[White "Hummel, Felician"]
[Black "Le, Kim Anh"]
[Result "1-0"]
[Termination "normal"]
[Board "10.3"]
[WhiteElo "1627"]
[BlackElo "1269"]
[WhiteTeam "SG Turm Leipzig"]
[BlackTeam "SK 1980 Gernsheim"]
[PlyCount "85"]
[WhiteFideId "16200489"]
[BlackFideId "12947342"]
[EventCountry "GER"]
[EventRounds "7"]
[EventType "team-swiss"]
[EventDate "2014.12.26"]

1. d4 Nf6 2. Nf3 e6 3. e3 b6 4. Bd3 Bb7 5. Nbd2 c5 6. c3 d5 7. Qe2 Be7 8. O-O
O-O 9. e4 dxe4 10. Bxe4 Nxe4 11. Nxe4 Bxe4 12. Qxe4 Nd7 13. Re1 Nf6 14. Qe2 Qc7
15. h3 Rfd8 16. Be3 Rac8 17. Ne5 Nd5 18. Ng4 Nxe3 19. fxe3 Rd5 20. Ne5 cxd4 21.
exd4 Bd6 22. Ng4 Bf4 23. Rad1 h5 24. Ne3 Rg5 25. d5 exd5 26. Nxd5 Qc5+ 27. Qf2
Rxd5 28. Rxd5 Bh2+ 29. Kf1 Qxd5 30. Re7 Rc6 31. Re8+ Kh7 32. Qc2+ g6 33. Qf2
Qb5+ 34. Re2 Re6 35. Qxf7+ Kh6 36. Qxe6 Qg5 37. Qe3 Bf4 38. Qe7 Qf5 39. Qe4 Qg5
40. Qe8 Qf6 41. Rf2 Qh4 42. Qh8+ Kg5 43. Qd8+ 1-0

[Event "DVM U16 2014"]
[Site "Magdeburg GER"]
[Date "2014.12.29"]
[Round "5"]
[White "Rothermel, Henrik"]
[Black "Buschmann, Johannes"]
[Result "1/2-1/2"]
[Termination "normal"]
[Board "10.4"]
[WhiteElo "1447"]
[BlackElo "1383"]
[WhiteTeam "SK 1980 Gernsheim"]
[BlackTeam "SG Turm Leipzig"]
[PlyCount "91"]
[WhiteFideId "12947369"]
[BlackFideId "16200497"]
[EventCountry "GER"]
[EventRounds "7"]
[EventType "team-swiss"]
[EventDate "2014.12.26"]

1. e4 c6 2. d4 d5 3. exd5 cxd5 4. Bd3 Nc6 5. c3 Nf6 6. h3 e6 7. Nf3 Bd6 8. O-O
O-O 9. Qe2 Qc7 10. Re1 a6 11. a4 Na5 12. Nbd2 Bd7 13. Ne5 Rfb8 14. f4 b5 15.
Ndf3 Qb7 16. Ng5 b4 17. Bd2 Nb3 18. Nxd7 Qxd7 19. Ra2 bxc3 20. bxc3 Nxd2 21.
Qxd2 a5 22. g3 Qc7 23. Kg2 Rc8 24. Rc2 Rab8 25. Ra1 Qa7 26. Rb2 Rxb2 27. Qxb2
Qc7 28. Rc1 h6 29. Nf3 Nd7 30. Qc2 Nb6 31. Ba6 Ra8 32. Bd3 Nc4 33. Bxc4 Qxc4
34. h4 Rc8 35. Ne5 Qc7 36. Qb3 Bb4 37. f5 Bd6 38. fxe6 fxe6 39. Qb5 Bxe5 40.
dxe5 d4 41. Qa6 Re8 42. Qd6 Qb7+ 43. Kh3 dxc3 44. Rxc3 Qh1+ 45. Kg4 Qe4+ 46.
Kh3 1/2-1/2

[Event "DVM U16 2014"]
[Site "Magdeburg GER"]
[Date "2014.12.29"]
[Round "6"]
[White "Riehle, Marco"]
[Black "Kololli, Martin"]
[Result "1/2-1/2"]
[Termination "normal"]
[Board "1.2"]
[WhiteElo "2034"]
[BlackElo "2136"]
[WhiteClock "00:57:01"]
[BlackClock "00:26:28"]
[WhiteTeam "SF Sasbach"]
[BlackTeam "Lübecker SV"]
[PlyCount "58"]
[WhiteFideId "12904392"]
[BlackFideId "12936910"]
[EventCountry "GER"]
[EventRounds "7"]
[EventType "team-swiss"]
[EventDate "2014.12.26"]

1. e4 e5 2. Nf3 Nc6 3. Bc4 Nf6 4. d4 exd4 5. e5 d5 6. Bb5 Ne4 7. Nxd4 Bd7 8.
Bxc6 bxc6 9. O-O Bc5 10. f3 Ng5 11. f4 Ne4 12. Be3 O-O 13. Nd2 Nxd2 14. Qxd2
Bb6 15. Nb3 f6 16. Bc5 Qe7 17. Qd4 Rae8 18. c3 Qf7 19. a4 Qg6 20. Rf2 fxe5 21.
fxe5 Rxf2 22. Qxf2 Bf5 23. Rf1 Bxc5 24. Nxc5 Bc8 25. a5 h6 26. e6 Bxe6 27. Nxe6
Rxe6 28. a6 Kh7 29. h3 c5 1/2-1/2

[Event "DVM U16 2014"]
[Site "Magdeburg GER"]
[Date "2014.12.29"]
[Round "6"]
[White "Rieß, Alexander"]
[Black "Bohnert, Dominik"]
[Result "1/2-1/2"]
[Termination "normal"]
[Board "1.3"]
[WhiteElo "1947"]
[BlackElo "2054"]
[WhiteClock "00:37:20"]
[BlackClock "00:05:45"]
[WhiteTeam "Lübecker SV"]
[BlackTeam "SF Sasbach"]
[PlyCount "51"]
[WhiteFideId "12953326"]
[BlackFideId "12918075"]
[EventCountry "GER"]
[EventRounds "7"]
[EventType "team-swiss"]
[EventDate "2014.12.26"]

1. d4 {[%clk 1:30:56]} Nf6 {[%clk 1:30:49]} 2. c4 {[%clk 1:31:19]} e5 {[%clk
1:31:15]} 3. dxe5 {[%clk 1:31:41]} Ng4 {[%clk 1:31:07]} 4. Bf4 {[%clk 1:31:43]}
g5 {[%clk 1:31:04]} 5. Bg3 {[%clk 1:32:01]} Nc6 {[%clk 1:31:10]} 6. Nf3 {[%clk
1:32:21]} Bg7 {[%clk 1:30:42]} 7. Nc3 {[%clk 1:32:35]} Ngxe5 {[%clk 1:29:22]}
8. Nxe5 {[%clk 1:32:55]} Nxe5 {[%clk 1:29:25]} 9. e3 {[%clk 1:33:17]} O-O
{[%clk 1:27:42]} 10. h4 {[%clk 1:33:07]} d6 {[%clk 1:21:36]} 11. hxg5 {[%clk
1:32:12]} Qxg5 {[%clk 1:16:56]} 12. Nd5 {[%clk 1:20:55]} Ng6 {[%clk 0:57:03]}
13. Rh5 {[%clk 1:17:55]} Qd8 {[%clk 0:53:27]} 14. Qc2 {[%clk 1:16:29]} Bg4
{[%clk 0:49:56]} 15. Bh4 {[%clk 1:02:34]} Qd7 {[%clk 0:37:13]} 16. Ne7+ {[%clk
0:51:40]} Kh8 {[%clk 0:35:07]} 17. Rxh7+ {[%clk 0:48:53]} Kxh7 {[%clk 0:34:27]}
18. Bd3 {[%clk 0:49:15]} Qe6 {[%clk 0:22:02]} 19. Kd2 {[%clk 0:48:24]} Bh6
{[%clk 0:19:25]} 20. Rh1 {[%clk 0:47:37]} Kg7 {[%clk 0:18:57]} 21. Nd5 {[%clk
0:46:37]} f5 {[%clk 0:13:33]} 22. Bg3 {[%clk 0:40:06]} Bg5 {[%clk 0:09:40]} 23.
Nxc7 {[%clk 0:39:24]} Qf7 {[%clk 0:07:22]} 24. Nxa8 {[%clk 0:38:15]} Rxa8
{[%clk 0:06:50]} 25. f3 {[%clk 0:38:26]} Qe6 {[%clk 0:05:45]} 26. Re1 {[%clk
0:37:20]} 1/2-1/2

[Event "DVM U16 2014"]
[Site "Magdeburg GER"]
[Date "2014.12.29"]
[Round "6"]
[White "Zimmer, Raphael"]
[Black "Tiedemann, Fin Niklas"]
[Result "1-0"]
[Termination "normal"]
[Board "1.4"]
[WhiteElo "1842"]
[BlackElo "1709"]
[WhiteClock "01:09:38"]
[BlackClock "00:03:08"]
[WhiteTeam "SF Sasbach"]
[BlackTeam "Lübecker SV"]
[PlyCount "59"]
[WhiteFideId "12978841"]
[BlackFideId "12936936"]
[EventCountry "GER"]
[EventRounds "7"]
[EventType "team-swiss"]
[EventDate "2014.12.26"]

1. e4 e5 2. Nf3 Nc6 3. d4 exd4 4. Bc4 Nf6 5. e5 d5 6. Bb5 Ne4 7. Nxd4 Bd7 8.
Bxc6 bxc6 9. O-O Bc5 10. f3 Ng5 11. f4 Ne4 12. Be3 O-O 13. Nd2 Nxd2 14. Qxd2
Qe7 15. Nb3 Bb6 16. Qc3 f6 17. Bc5 Rae8 18. Rae1 fxe5 19. fxe5 Rxf1+ 20. Rxf1
Rf8 21. a4 Rxf1+ 22. Kxf1 Qf7+ 23. Qf3 Bg4 24. Qxf7+ Kxf7 25. a5 Bxc5 26. Nxc5
Kg6 27. Nd3 Bd1 28. Nb4 Kf5 29. Nxc6 Bxc2 30. Nd4+ 1-0

[Event "DVM U16 2014"]
[Site "Magdeburg GER"]
[Date "2014.12.29"]
[Round "6"]
[White "Flüchter, Gregor"]
[Black "Beeck, Mats"]
[Result "1/2-1/2"]
[Termination "normal"]
[Board "2.1"]
[WhiteElo "2127"]
[BlackElo "2127"]
[WhiteClock "00:08:15"]
[BlackClock "00:23:15"]
[WhiteTeam "SF Brackel 1930"]
[BlackTeam "SK Doppelbauer Kiel"]
[PlyCount "59"]
[WhiteFideId "12903396"]
[BlackFideId "12936944"]
[EventCountry "GER"]
[EventRounds "7"]
[EventType "team-swiss"]
[EventDate "2014.12.26"]

1. e4 {[%clk 1:30:58]} c5 {[%clk 1:30:51]} 2. Nf3 {[%clk 1:31:24]} e6
{[%clk 1:31:17]} 3. c3 {[%clk 1:31:15]} d5 {[%clk 1:31:26]} 4. exd5
{[%clk 1:31:33]} Qxd5 {[%clk 1:31:23]} 5. d4 {[%clk 1:31:44]} Nf6
{[%clk 1:31:47]} 6. Be2 {[%clk 1:30:40]} Nc6 {[%clk 1:31:04]} 7. O-O
{[%clk 1:27:35]} cxd4 {[%clk 1:28:35]} 8. cxd4 {[%clk 1:27:55]} Be7
{[%clk 1:28:55]} 9. Nc3 {[%clk 1:28:02]} Qd6 {[%clk 1:26:53]} 10. a3
{[%clk 1:24:42]} O-O {[%clk 1:26:55]} 11. Be3 {[%clk 1:24:46]} b6
{[%clk 1:20:19]} 12. Qd3 {[%clk 1:15:16]} Bb7 {[%clk 1:19:19]} 13. Rfd1
{[%clk 1:11:53]} Rac8 {[%clk 1:16:45]} 14. Rac1 {[%clk 1:02:27]} Rfd8
{[%clk 1:10:16]} 15. Ng5 {[%clk 0:49:33]} h6 {[%clk 1:02:02]} 16. Nge4
{[%clk 0:45:40]} Nxe4 {[%clk 1:01:23]} 17. Nxe4 {[%clk 0:28:41]} Qd7
{[%clk 1:01:07]} 18. Qb1 {[%clk 0:23:50]} Na5 {[%clk 0:53:52]} 19. b4
{[%clk 0:22:18]} Rxc1 {[%clk 0:53:32]} 20. Bxc1 {[%clk 0:22:32]} Nc6
{[%clk 0:52:16]} 21. Bb2 {[%clk 0:18:59]} Bf8 {[%clk 0:51:50]} 22. Qd3
{[%clk 0:17:38]} Ne7 {[%clk 0:45:26]} 23. Nd2 {[%clk 0:15:06]} Nd5
{[%clk 0:45:02]} 24. Bf3 {[%clk 0:14:52]} Rc8 {[%clk 0:40:58]} 25. Rc1
{[%clk 0:11:08]} Rxc1+ {[%clk 0:40:48]} 26. Bxc1 {[%clk 0:11:36]} Qc7
{[%clk 0:36:50]} 27. Qc4 {[%clk 0:11:10]} Qxc4 {[%clk 0:29:50]} 28. Nxc4
{[%clk 0:11:38]} f6 {[%clk 0:29:33]} 29. Ne3 {[%clk 0:08:15]} Bd6
{[%clk 0:23:15]} 1/2-1/2

[Event "DVM U16 2014"]
[Site "Magdeburg GER"]
[Date "2014.12.29"]
[Round "6"]
[White "Pluska, Alexander"]
[Black "Birnkraut, Tim"]
[Result "1-0"]
[Termination "normal"]
[Board "2.2"]
[WhiteElo "1917"]
[BlackElo "1954"]
[WhiteClock "00:29:53"]
[BlackClock "00:34:16"]
[WhiteTeam "SK Doppelbauer Kiel"]
[BlackTeam "SF Brackel 1930"]
[PlyCount "85"]
[WhiteFideId "12975141"]
[BlackFideId "24609587"]
[EventCountry "GER"]
[EventRounds "7"]
[EventType "team-swiss"]
[EventDate "2014.12.26"]

1. d4 d5 2. c4 e6 3. Nc3 c6 4. Nf3 dxc4 5. e3 b5 6. a4 Bb4 7. Bd2 a5 8. axb5
Bxc3 9. Bxc3 cxb5 10. b3 Bb7 11. bxc4 b4 12. Bb2 Nf6 13. Bd3 Nbd7 14. O-O O-O
15. Re1 Ne4 16. Qc2 f5 17. c5 Qc7 18. Bc4 Bd5 19. Bb3 g5 20. Re2 g4 21. Ne1 Rf6
22. Nd3 Nf8 23. Bxd5 exd5 24. Nxb4 Rh6 25. f4 Qf7 26. g3 Rb8 27. Nd3 Qh5 28.
Rg2 Ra6 29. Bc3 a4 30. Nb4 Raa8 31. Nxd5 Rb3 32. Rxa4 Rab8 33. Bb4 R3xb4 34.
Rxb4 Rxb4 35. Nxb4 Qe8 36. c6 Ne6 37. c7 Nxc7 38. Qxc7 Qa4 39. Qc4+ Kg7 40. Rc2
Qa1+ 41. Rc1 Qa3 42. Nd5 Qb2 43. Qc7+ 1-0

[Event "DVM U16 2014"]
[Site "Magdeburg GER"]
[Date "2014.12.29"]
[Round "6"]
[White "Stemmler, Fabian"]
[Black "Wanner, Lukas"]
[Result "1/2-1/2"]
[Termination "normal"]
[Board "2.3"]
[WhiteElo "1856"]
[BlackElo "1892"]
[WhiteClock "00:28:54"]
[BlackClock "00:04:10"]
[WhiteTeam "SF Brackel 1930"]
[BlackTeam "SK Doppelbauer Kiel"]
[PlyCount "56"]
[WhiteFideId "12964808"]
[BlackFideId "12918148"]
[EventCountry "GER"]
[EventRounds "7"]
[EventType "team-swiss"]
[EventDate "2014.12.26"]

1. e4 c5 2. d4 cxd4 3. c3 dxc3 4. Nxc3 a6 5. Nf3 Nc6 6. Bc4 e6 7. O-O Nge7 8.
Bg5 f6 9. Be3 Ng6 10. Bb3 b5 11. Qe2 Na5 12. Bd5 exd5 13. exd5 Kf7 14. Ng5+ Kg8
15. f4 h6 16. Nge4 Bb4 17. Qg4 Kh7 18. Bd4 d6 19. f5 Ne5 20. Bxe5 dxe5 21. Qg6+
Kg8 22. Rf3 Bxc3 23. Rg3 Bd4+ 24. Kh1 Ra7 25. Nxf6+ Kf8 26. Nh7+ Kg8 27. Nf6+
Kf8 28. Nh7+ Kg8 1/2-1/2

[Event "DVM U16 2014"]
[Site "Magdeburg GER"]
[Date "2014.12.29"]
[Round "6"]
[White "Savchenko, Daniel"]
[Black "Rausch, Adrian"]
[Result "0-1"]
[Termination "normal"]
[Board "3.2"]
[WhiteElo "1817"]
[BlackElo "1787"]
[WhiteTeam "Düsseldorfer SK"]
[BlackTeam "SV Backnang"]
[PlyCount "94"]
[WhiteFideId "12919195"]
[BlackFideId "12929069"]
[EventCountry "GER"]
[EventRounds "7"]
[EventType "team-swiss"]
[EventDate "2014.12.26"]

1. e4 a6 2. d4 b5 3. Bd3 Bb7 4. Nf3 e6 5. O-O c5 6. c3 Nf6 7. Re1 d6 8. a4 b4
9. cxb4 cxb4 10. Bd2 d5 11. e5 Ne4 12. Bc1 Be7 13. Nbd2 Nxd2 14. Qxd2 h6 15.
Qf4 g5 16. Qg3 Nc6 17. h4 Qb6 18. hxg5 hxg5 19. Be3 O-O-O 20. Rec1 Kb8 21. Nd2
g4 22. Nb3 Rdg8 23. Nc5 Bxc5 24. Rxc5 Na5 25. Bc2 Nc4 26. a5 Qd8 27. Bf4 Rh3
28. gxh3 gxh3 29. Kh2 Rxg3 30. fxg3 Qh8 31. b3 Qh5 32. Bd1 Qf5 33. bxc4 Qe4 34.
Kxh3 Qxd4 35. cxd5 Qxc5 36. d6 Qd5 37. Bg4 Qg2+ 38. Kh4 Bd5 39. Rc1 Bc6 40. Rc4
Qh1+ 41. Kg5 Bb5 42. Rxb4 Qe1 43. Rd4 Qxa5 44. Kf6 Qd8+ 45. Kg7 Qd7 46. Rd1 f5+
47. Kf6 fxg4 0-1

[Event "DVM U16 2014"]
[Site "Magdeburg GER"]
[Date "2014.12.29"]
[Round "6"]
[White "Bergauz, Noam"]
[Black "Peczely, Sebastian Zsombor"]
[Result "1/2-1/2"]
[Termination "normal"]
[Board "4.1"]
[WhiteElo "2264"]
[BlackElo "2197"]
[WhiteTeam "SK München Südost"]
[BlackTeam "Schachgemeinschaft Leipzig"]
[PlyCount "40"]
[WhiteFideId "12938033"]
[BlackFideId "750964"]
[EventCountry "GER"]
[EventRounds "7"]
[EventType "team-swiss"]
[EventDate "2014.12.26"]

1. e4 c5 2. Nf3 e6 3. d4 cxd4 4. Nxd4 Nc6 5. Nc3 Qc7 6. Be3 a6 7. Nxc6 bxc6 8.
Be2 Nf6 9. O-O d5 10. exd5 cxd5 11. Na4 Bd6 12. h3 O-O 13. c4 dxc4 14. Bb6 Qe7
15. Bxc4 Bb7 16. Qe2 Nd5 17. Bxd5 Bxd5 18. Bd4 Qb7 19. Nb6 e5 20. Nxd5 exd4
1/2-1/2

[Event "DVM U16 2014"]
[Site "Magdeburg GER"]
[Date "2014.12.29"]
[Round "6"]
[White "Leeb, Simon"]
[Black "Kreyssig, Bruno"]
[Result "1/2-1/2"]
[Termination "normal"]
[Board "4.3"]
[WhiteElo "2000"]
[BlackElo "1899"]
[WhiteTeam "SK München Südost"]
[BlackTeam "Schachgemeinschaft Leipzig"]
[PlyCount "76"]
[WhiteFideId "12924768"]
[BlackFideId "4692489"]
[EventCountry "GER"]
[EventRounds "7"]
[EventType "team-swiss"]
[EventDate "2014.12.26"]

1. d4 Nf6 2. c4 g6 3. Nc3 Bg7 4. e4 d6 5. Be2 O-O 6. Bg5 h6 7. Bh4 Nbd7 8. f4
c5 9. e5 Ne8 10. Nd5 Qa5+ 11. b4 cxb4 12. Bxe7 b3+ 13. Qd2 b2 14. Rb1 Qxa2 15.
Rxb2 Qa1+ 16. Kf2 dxe5 17. Ra2 Qxd4+ 18. Qxd4 exd4 19. Nf3 Nef6 20. Bxf8 Ne4+
21. Ke1 Kxf8 22. Bd3 Ndc5 23. Bxe4 Nxe4 24. h3 Be6 25. Nc7 Rc8 26. Nxe6+ fxe6
27. Nd2 Nc5 28. Ke2 a6 29. Rb1 Ke7 30. Ra5 d3+ 31. Ke3 Bc3 32. Rxc5 Rxc5 33.
Ne4 Rxc4 34. Kxd3 Rd4+ 35. Ke3 Rc4 36. Rxb7+ Kd8 37. Kd3 Rd4+ 38. Ke3 Rc4
1/2-1/2

[Event "DVM U16 2014"]
[Site "Magdeburg GER"]
[Date "2014.12.29"]
[Round "6"]
[White "Hofmann, Timo"]
[Black "Huber, Benedikt"]
[Result "1/2-1/2"]
[Termination "normal"]
[Board "4.4"]
[WhiteElo "1716"]
[BlackElo "1798"]
[WhiteTeam "Schachgemeinschaft Leipzig"]
[BlackTeam "SK München Südost"]
[PlyCount "66"]
[WhiteFideId "12946044"]
[BlackFideId "12923583"]
[EventCountry "GER"]
[EventRounds "7"]
[EventType "team-swiss"]
[EventDate "2014.12.26"]

1. d4 e6 2. c4 Bb4+ 3. Bd2 Bxd2+ 4. Nxd2 Nf6 5. e3 O-O 6. Bd3 d6 7. Ne2 Nbd7 8.
Qc2 e5 9. O-O Qe7 10. Nc3 c6 11. Rac1 Re8 12. a3 a5 13. b3 Nf8 14. d5 Bd7 15.
Bf5 Rec8 16. Bxd7 N8xd7 17. e4 cxd5 18. cxd5 Rc7 19. Qb1 Rac8 20. Nb5 Rc5 21.
a4 Nb6 22. Rxc5 Rxc5 23. Rc1 Rxc1+ 24. Qxc1 Ne8 25. Nc4 Nxc4 26. Qxc4 h5 27.
Qc8 Kf8 28. h3 g6 29. Qa8 b6 30. Qb8 Qg5 31. Nxd6 Qc1+ 32. Kh2 Qf4+ 33. Kg1
Qc1+ 1/2-1/2

[Event "DVM U16 2014"]
[Site "Magdeburg GER"]
[Date "2014.12.29"]
[Round "6"]
[White "Hammann, Jonas"]
[Black "Schulte, Felix"]
[Result "1-0"]
[Termination "normal"]
[Board "5.1"]
[WhiteElo "1872"]
[BlackElo "1778"]
[WhiteTeam "Stader SV"]
[BlackTeam "USV Halle"]
[PlyCount "85"]
[WhiteFideId "12930601"]
[BlackFideId "12914800"]
[EventCountry "GER"]
[EventRounds "7"]
[EventType "team-swiss"]
[EventDate "2014.12.26"]

1. d4 Nf6 2. c4 c5 3. d5 b5 4. cxb5 a6 5. Nc3 axb5 6. e4 b4 7. Nb5 d6 8. Bf4
Nbd7 9. Bd3 g6 10. Nf3 Nh5 11. Bg5 Qb6 12. O-O Bg7 13. Qe2 Nhf6 14. a4 O-O 15.
Nd2 Ne5 16. Nc4 Nxc4 17. Bxc4 Re8 18. b3 Nd7 19. Rae1 Ne5 20. f4 Bg4 21. Qc2
Nxc4 22. Qxc4 Bd7 23. e5 Bxb5 24. axb5 Rab8 25. e6 f6 26. Bh4 Qxb5 27. Qxb5
Rxb5 28. Ra1 Bf8 29. Ra7 Reb8 30. Kf2 R5b7 31. Rxb7 Rxb7 32. Ra1 h6 33. Ke2 g5
34. Bg3 f5 35. Kd3 Bg7 36. Ra8+ Kh7 37. Kc4 Bd4 38. Rd8 Bf6 39. Rd7 Rb8 40.
fxg5 Bxg5 41. Bxd6 Re8 42. Bxc5 Kg6 43. Bxb4 1-0

[Event "DVM U16 2014"]
[Site "Magdeburg GER"]
[Date "2014.12.29"]
[Round "6"]
[White "Kretzschmar, Arnd"]
[Black "Dittmann, Tobias"]
[Result "0-1"]
[Termination "normal"]
[Board "5.2"]
[WhiteElo "1896"]
[BlackElo "1773"]
[WhiteTeam "USV Halle"]
[BlackTeam "Stader SV"]
[PlyCount "120"]
[WhiteFideId "12914835"]
[BlackFideId "12964360"]
[EventCountry "GER"]
[EventRounds "7"]
[EventType "team-swiss"]
[EventDate "2014.12.26"]

1. d4 d5 2. c4 e6 3. Nc3 Nf6 4. Bg5 c6 5. e3 Be7 6. cxd5 exd5 7. Bd3 Nbd7 8.
Qc2 Nh5 9. Bxe7 Qxe7 10. Nf3 g6 11. O-O O-O 12. Rab1 Nb6 13. b4 Ng7 14. b5 c5
15. dxc5 Qxc5 16. Rfc1 Bf5 17. Nd4 Bxd3 18. Qxd3 Rac8 19. Nb3 Qd6 20. Rd1 Rfd8
21. e4 Nh5 22. Nxd5 Nxd5 23. exd5 Nf4 24. Qf3 Nxd5 25. Rd4 Rc3 26. Qd1 Rc7 27.
Rb2 Re8 28. g3 Qa3 29. Re2 Rxe2 30. Qxe2 Nf6 31. Qe5 Qe7 32. Qxe7 Rxe7 33. Ra4
Re5 34. Rxa7 Rxb5 35. Na5 b6 36. Nb3 Ne4 37. Rc7 Kg7 38. Rc6 Nf6 39. h3 Nd5 40.
Kf1 Nb4 41. a4 Nxc6 42. axb5 Na7 43. Nd2 Kf6 44. Ke2 Ke6 45. Kd3 Kd5 46. Ne4
Nxb5 47. Ng5 Nd6 48. Nxh7 Ne4 49. f3 Nxg3 50. Ng5 f6 51. Nh7 Nh5 52. Nf8 g5 53.
Ng6 Nf4+ 54. Nxf4+ gxf4 55. h4 Ke5 56. h5 Kf5 57. h6 Kg6 58. Ke4 Kxh6 59. Kxf4
Kg6 60. Kg4 b5 0-1

[Event "DVM U16 2014"]
[Site "Magdeburg GER"]
[Date "2014.12.29"]
[Round "6"]
[White "Kragge, Jan"]
[Black "Altstadt, Karl-Simon"]
[Result "0-1"]
[Termination "normal"]
[Board "5.3"]
[WhiteElo "1800"]
[BlackElo "1915"]
[WhiteTeam "Stader SV"]
[BlackTeam "USV Halle"]
[PlyCount "128"]
[WhiteFideId "12930415"]
[BlackFideId "24696676"]
[EventCountry "GER"]
[EventRounds "7"]
[EventType "team-swiss"]
[EventDate "2014.12.26"]

1. e4 c5 2. Nf3 d6 3. d4 cxd4 4. Nxd4 Nf6 5. Nc3 e5 6. Bb5+ Bd7 7. Bxd7+ Qxd7
8. Nf5 Nxe4 9. Nxe4 Qxf5 10. Nxd6+ Bxd6 11. Qxd6 Nc6 12. Be3 Qxc2 13. O-O Rd8
14. Qa3 Qd3 15. b3 f6 16. Rac1 Kf7 17. Qa4 Rhe8 18. Qc4+ Qxc4 19. Rxc4 Rd3 20.
Rfc1 Red8 21. Kf1 R8d5 22. Ke2 Ke6 23. Rh4 h6 24. Rhc4 f5 25. R1c2 f4 26. Bc5
Rd1 27. f3 Ra1 28. h3 Rxc5 29. Rxc5 Nd4+ 30. Kd3 Nxc2 31. Rxc2 Rd1+ 32. Ke2 Rd7
33. Rc8 Kd6 34. Rc2 Rc7 35. Rd2+ Ke6 36. Kf2 b6 37. Ke2 g5 38. Kf2 h5 39. Ke2
Kf5 40. Ke1 Rc1+ 41. Ke2 Rc5 42. Kd1 g4 43. hxg4+ hxg4 44. Rd8 gxf3 45. gxf3
Rc3 46. Rf8+ Ke6 47. Re8+ Kf6 48. Rf8+ Ke7 49. Ra8 Rxf3 50. Rxa7+ Ke6 51. b4
Kd5 52. a4 Rd3+ 53. Ke1 Ke4 54. a5 bxa5 55. Rxa5 Rb3 56. Ra8 Rxb4 57. Re8 Rb2
58. Re7 Kd4 59. Ra7 Rc2 60. Kd1 Rh2 61. Ra4+ Ke3 62. Ra3+ Kf2 63. Ra5 e4 64.
Ra4 Kf3 0-1

[Event "DVM U16 2014"]
[Site "Magdeburg GER"]
[Date "2014.12.29"]
[Round "6"]
[White "Hartge, Gedeon"]
[Black "Fragel, Max"]
[Result "1/2-1/2"]
[Termination "normal"]
[Board "5.4"]
[WhiteElo "1889"]
[BlackElo "1768"]
[WhiteTeam "USV Halle"]
[BlackTeam "Stader SV"]
[PlyCount "60"]
[WhiteFideId "12932116"]
[BlackFideId "12914193"]
[EventCountry "GER"]
[EventRounds "7"]
[EventType "team-swiss"]
[EventDate "2014.12.26"]

1. d4 Nf6 2. c4 d6 3. Nc3 g6 4. e4 Bg7 5. Nf3 Nbd7 6. Be2 O-O 7. O-O h6 8. h3
e5 9. Be3 b6 10. Ne1 exd4 11. Bxd4 Bb7 12. f3 Nc5 13. Nc2 Ne6 14. Bxf6 Bxf6 15.
Qd2 Bg7 16. Rab1 Qh4 17. Qe1 Qg5 18. h4 Qc5+ 19. Kh1 Nf4 20. Qf2 Qxf2 21. Rxf2
Bxc3 22. bxc3 Rfe8 23. Nd4 a6 24. Bf1 Re5 25. g3 Ne6 26. Bh3 Nc5 27. Kh2 Kg7
28. Bg2 Re7 29. Rd2 Ne6 30. Re1 Nc5 1/2-1/2